MDQL
is popping MORE tags! Check the
thread
!
Quizzes
Events
Quiz Creation
Community
Videos
Private Events
Remove Ads
Sign In
Join for FREE
Feedback
Dark Mode
Quiz Categories
Sports
Geography
Music
Movies
Television
Just For Fun
Miscellaneous
History
Literature
Language
Science
Gaming
Entertainment
Religion
Holiday
For Kids
Quiz Lab
Recent
Popular Today
Quiz Kudos Today
Editor Picks
Curator Picks
Quizzes by...
Day
Popularity
Type
Ratings
Length
Year
Community
Subscriptions
Recent Discussions
Orange Saloon
Badges
Playlists
Quests
Create
Leaderboards
Showdown
Live 5
Trivia Bingo
Activity
Puzzle Library
Sporcle Events
Private Events
Virtual Trivia
Globe League
Become a Host
Pub Owners
SporcleCon
Opinionation
Our Games
Videos
Blog
Mobile Apps
Partnerships
Remove Ads and Go Orange
Feedback
Music
Pop Music
The Beatles
Song
Album
Lyrics
Bands
Singers
Artist
Clip
Rock
Rap
Classical
Billboard
Country Music
Kpop
Taylor Swift
Music
Pop Music
The Beatles
Song
Album
Lyrics
Bands
Singers
Artist
Clip
Rock
Rap
Classical
Billboard
Country Music
Kpop
Taylor Swift
Random Quiz
Search Sporcle
×
Quiz Lab
Quiz Lab
Music
Lyrics
Type in answers that appear in a list
Type in answers that appear in a list
Classic
Best Score? Go Orange.
'Everybody Wants to Rule the World' Lyrics Stats
Can you name the lyrics to 'Everybody Wants to Rule the World' by Tears for Fears?
By
fiendishthingy88
10m
161 Questions
3,794 Plays
3,794 Plays
3,794 Plays
Comments
Comments
Give Quiz Kudos
Give Quiz Kudos
-
- Ratings
hide this ad
Replay
Link that replays current quiz
Next Quiz
Link to next quiz in quiz playlist
You Got
0%
They Got
Avg Score
84%
Avg Friend Score
Upgrade to see
Score Distribution
Jump to the score distribution portion of the page
Score
0/161
Timer
10:00
2
Plays Today
% Correct
to
99.6%
to
99.6%
to
99.6%
to
99.6%
to
99.6%
to
99.6%
to
99.6%
to
99.6%
to
99.6%
the
99.5%
the
99.5%
the
99.5%
the
99.5%
the
99.5%
the
99.5%
the
99.5%
the
99.5%
the
99.5%
wants
99.2%
wants
99.2%
wants
99.2%
wants
99.2%
wants
99.2%
wants
99.2%
rule
99.1%
rule
99.1%
rule
99.1%
rule
99.1%
rule
99.1%
rule
99.1%
Everybody
99.1%
world
99.1%
Everybody
99.1%
world
99.1%
Everybody
99.1%
world
99.1%
Everybody
99.1%
world
99.1%
Everybody
99.1%
world
99.1%
Everybody
99.1%
world
99.1%
ever
98.5%
ever
98.5%
I
97.7%
you
97.7%
you
97.7%
you
97.7%
a
97.4%
a
97.4%
we
96.5%
we
96.5%
no
95.2%
your
95.1%
% Correct
your
95.1%
your
95.1%
There's
94.5%
There's
94.5%
be
94.5%
on
94.2%
on
94.2%
Welcome
92%
life
91.8%
back
91.7%
back
91.7%
Turn
91.5%
it
90.9%
it
90.9%
it
90.9%
it?
90.9%
turning
90.1%
find
88.4%
find
88.4%
best
87.5%
Nature
87.4%
behavior
87.1%
Mother
86.8%
will
86.3%
do
85.7%
for
85%
for
85%
and
84.8%
and
84.8%
while
83.9%
while
83.9%
where
83.4%
me
83.1%
me
83.1%
So
82.9%
So
82.9%
acting
82.9%
forever
81.9%
forever
81.9%
Nothing
81.8%
Nothing
81.8%
of
81.2%
of
81.2%
of
81.2%
Even
81.1%
It's
80.9%
It's
80.9%
lasts
80.9%
lasts
80.9%
they
80.3%
they
80.3%
my
80.2%
my
80.2%
won't
79.6%
% Correct
When
78.8%
right
78.4%
make
78.4%
sleep
78.2%
down
78.2%
I'll
77.3%
behind
77.3%
light
77.1%
freedom
76.7%
freedom
76.7%
sad
76.4%
Help
76.2%
Help
76.2%
room
75.9%
had
75.9%
pleasure
75.8%
pleasure
75.8%
own
75.4%
own
75.4%
made
75.1%
come
73.9%
walls
73.6%
almost
73.4%
glad
73.2%
most
72.8%
tumbling
72.8%
decide
72.7%
hands
70.8%
Holding
70.4%
that
69%
never
68%
never
68%
never
68%
Say
65.2%
you'll
64.2%
we've
62.4%
can't
61.1%
remorse
59.9%
design
59.7%
fade
59.6%
this
58.1%
All
54.1%
with
54%
need
53.3%
stand
52.3%
One
51.4%
vision
50.3%
indecision
50.1%
lack
48.7%
Why
48%
believe
45.4%
married
42.2%
headline
35.9%
Quiz Playlist
Details
Report
Send in Message
Add To Playlist
Classic:
Type in answers that appear in a list
Last Updated: Feb 16, 2017
Quiz Scoreboard
CHALLENGE
Sign Up to Join the Scoreboard
Show All
Scores
Hide
Comments
May contain spoilers
Recently Published
Two Season TV Shows II
by 123Four
Television
10m
Image Sorting: Flags VI
by Barbecue
Geography
2m
Find the 'City' Movie
by crazypaving
Movies
60s
More to Explore
Quiz From the Vault
Featured Blog Post
14 Easter Pick-up Lines to Find Eggs With
hide this ad
You Might Also Like...
Tags
Lyrics Quiz
Today's Top Quizzes in Music
Browse Music
hide this ad
Today's Top Quizzes in Lyrics
Browse Lyrics
Top Contributed Quizzes in Music
1
5X2 Blitz: Bands II
2
5X2 Blitz: The Beatles
3
Taylor Swift All Songs (2024)
4
5X2 Blitz: Billboard
5
5X2 Blitz: Billboard II
6
Music Artist by Three 2010s hits
7
5X2 Blitz: Album
8
5X2 Blitz: Rock
9
5X2 Blitz: Singers
10
5X2 Blitz: Lyrics
Explore More
Trending Topics
Harry Potter
Disney
Kpop
NBA
Marvel
Anime
Crossword
Soccer
The Office
Song
Puzzle
NFL
Pokémon
WWE
Country
hide this ad
More By:
fiendishthingy88
Quiz
Plays
Rating
Category
Featured
Created
Figure Out the Beatles Lyrics III
344,731
4.19
Music
Dec 14, 2009
Figure Out the Beatles Lyrics
330,373
4.04
Music
Dec 15, 2009
Figure Out the Beatles Lyrics V
300,773
4.23
Music
Dec 15, 2009
Figure Out the Beatles Lyrics II
264,924
4.27
Music
Jan 1, 2010
Figure Out the Beatles Lyrics IV
220,919
4.33
Music
Apr 14, 2010
Go to Creator's Profile
Score Distribution
Quiz Creator Spotlight
fiendishthingy88
Follow
Send a Message
Quizzes Created
-
Created Quiz Play Count
-
More By This Creator
Popular Quizzes Today
1
Find the US States - No Outlines Minefield
2
Colored Red Africa Blitz
3
Find the 'City' Movie
4
5x2 Blitz: Bands
5
The Countries of the World
6
Find the Countries of Europe - No Outlines Minefield
7
Find the US States
8
US States
More Music Quizzes
Oasis Songs
Published
Trending Quizzes
Colored Red Europe Blitz I
Colored Red Africa Blitz II
Colored Red Europe Blitz II
Even More Two Season TV Shows
Colored Red Africa Blitz III
Recently Updated
March Madness Men's Triple Doubles
pecheneg
How Do You Spell That?
pecheneg
Godzilla Movies
pecheneg
Grab Bag: 4-10 Letters
pecheneg
2024 March Madness Bracket
pecheneg
Famous TV Couples
Peacemaker
Champions League XIs: Real Madrid
pecheneg
Largest US Cities 1790-2010
pecheneg
Rides in Walt Disney World
pecheneg
Most Oscar Losses (Acting)
pecheneg
Trending Topics
Harry Potter
NBA
Anime
Crossword
Kpop
Marvel
Disney
The Office
Song
Puzzle
Country
WWE
Soccer
NFL
Pokémon
Your Account Isn't Verified!
In order to create a playlist on Sporcle, you need to verify the email address you used during registration. Go to your
Sporcle Settings
to finish the process.
Report this User
Report this user for behavior that violates our
Community Guidelines
.
Details:
Send Report
Go to the Sporcle.com Mobile Site →
Comments